| 000 | 00978cam a2200289 a 4500 | ||
|---|---|---|---|
| 001 | 15290768 | ||
| 003 | ARRUPE | ||
| 005 | 20150908085008.0 | ||
| 008 | 080506s2008 enk b 001 0 eng | ||
| 010 | _a 2008020592 | ||
| 020 | _a9780230521483 (pbk. : alk. paper) | ||
| 020 | _a0230521487 (pbk. : alk. paper) | ||
| 035 | _a(OCoLC)ocn227328414 | ||
| 035 | _a(OCoLC)227328414 | ||
| 040 |
_aDLC _cDLC _dDLC |
||
| 050 | 0 | 0 |
_aD16.163 _b.T67 2008 |
| 082 | 0 | 0 |
_a900 _222 |
| 100 | 1 |
_aTosh, John. _918763 |
|
| 245 | 1 | 0 |
_aWhy history matters / _cJohn Tosh. |
| 260 |
_aHoundmills, Basingstoke, Hampshire ; _aNew York : _bPalgrave Macmillan, _c2008. |
||
| 300 |
_axi, 173 p. ; _c20 cm. |
||
| 504 | _aIncludes bibliographical references (p. [160]-164) and index. | ||
| 650 | 0 |
_aPublic history. _918764 |
|
| 906 |
_a7 _bcbc _corignew _d1 _eecip _f20 _gy-gencatlg |
||
| 942 |
_2lcc _cMONOGRAPH |
||
| 999 |
_c123102 _d123102 |
||